Development of high performance tread compound using new anti-reversion agent (Record no. 57005)

MARC details
000 -LEADER
fixed length control field 00519nam a2200169Ia 4500
100 ## - MAIN ENTRY--AUTHOR NAME
Personal name Mandaal T
245 #0 - TITLE STATEMENT
Title Development of high performance tread compound using new anti-reversion agent
260 ## - PUBLICATION, DISTRIBUTION, ETC. (IMPRINT)
Name of publisher RUBCON 2002: Proceedings of the Indian Rubber Conference January 12-13. pp.81-87
650 ## - SUBJECT ADDED ENTRY--TOPICAL TERM
Topical Term Anti-reversion agent
650 ## - SUBJECT ADDED ENTRY--TOPICAL TERM
Topical Term Tread compound
700 ## - ADDED ENTRY--PERSONAL NAME
Personal name Chandra A K
700 ## - ADDED ENTRY--PERSONAL NAME
Personal name De S K
700 ## - ADDED ENTRY--PERSONAL NAME
Personal name Mohamed P K
700 ## - ADDED ENTRY--PERSONAL NAME
Personal name Mustafi S K
942 ## - ADDED ENTRY ELEMENTS (KOHA)
Koha item type Journals
Holdings
Withdrawn status Lost status Damaged status Not for loan Home library Current library Shelving location Date acquired Koha item type
      Journals RRII Library RRII Library Rubber chemistry 29/11/2002 Journals